Dios es joven: una conversación con Thomas Leoncini
I tiakina i:
| Ngā kaituhi matua: | , |
|---|---|
| Hōputu: | Pukapuka |
| Reo: | Pāniora |
| I whakaputaina: |
Barcelona
Planeta
2018
|
| Putanga: | 1a. ed |
| Ngā marau: | |
| Ngā Tūtohu: |
Tāpirihia he Tūtohu
Kāore He Tūtohu, Me noho koe te mea tuatahi ki te tūtohu i tēnei pūkete!
|
MARC
| LEADER | 00000cam a2200000 a 4500 | ||
|---|---|---|---|
| 001 | UCC3710 | ||
| 003 | CL-VaPUC | ||
| 008 | 180531e20180000sp |||||||||||||||||spa|d | ||
| 020 | |a 9788408184119 | ||
| 082 | 0 | 4 | |a 231.042 |b FRA |2 21 |
| 100 | |a Francisco, |c Papa |x Pontificado, 2013- |e author |9 583180 | ||
| 700 | |a Bergoglio, Jorge Mario, |c S.J. |e author |9 570707 | ||
| 245 | 1 | 0 | |a Dios es joven: una conversación con Thomas Leoncini |
| 250 | |a 1a. ed | ||
| 300 | |a 151 p | ||
| 942 | |c BK | ||
| 945 | |d 20180531 16:15:00 |a arojas | ||
| 260 | |a Barcelona |b Planeta |c 2018 | ||
| 600 | 0 | |a Dios |9 314467 | |
| 650 | 0 | |a Existencia de Dios |9 266954 | |
| 583 | |a last modification |c 20180531 16:15:00 |k Rodrigo Vera | ||
| 999 | |c 371401 |d 371399 | ||
| 952 | |0 0 |1 0 |3 erd |4 0 |6 231_042000000000000_FRA_2018 |7 0 |8 A |9 488391 |a BIBTEO |b BIBTEO |i 5473810 |o 231.042 FRA 2018 |p 5473810 |r 2025-01-17 |w 2019-11-24 |y BK |z Catalogado en:20180531 |k ICR | ||
| 952 | |0 0 |1 0 |3 erd |4 0 |6 231_042000000000000_FRA_2018 |7 0 |8 A |9 488392 |a BIBTEO |b BIBTEO |i 5473829 |o 231.042 FRA 2018 |p 5473829 |r 2019-11-24 |w 2019-11-24 |y BK |z Catalogado en:20180531 |k ICR | ||
| 952 | |0 0 |1 0 |3 erd |4 0 |6 231_042000000000000_FRA_2018 |7 0 |8 A |9 488393 |a BIBTEO |b BIBTEO |i 5473837 |o 231.042 FRA 2018 |p 5473837 |r 2025-01-17 |w 2019-11-24 |y BK |z Catalogado en:20180531 |k ICR | ||